<?xml version="1.0" encoding="UTF-8"?>
<record
    xmlns:xsi="http://www.w3.org/2001/XMLSchema-instance"
    xsi:schemaLocation="http://www.loc.gov/MARC21/slim http://www.loc.gov/standards/marcxml/schema/MARC21slim.xsd"
    xmlns="http://www.loc.gov/MARC21/slim">

  <leader>00452    a2200133   4500</leader>
  <controlfield tag="001">ART_12905</controlfield>
  <controlfield tag="005">20260410161909.0</controlfield>
  <controlfield tag="008">260409a                                 </controlfield>
  <datafield tag="245" ind1="1" ind2="0">
    <subfield code="a">Gesti&#xF3;n estrat&#xE9;gica del conocimiento y cuadro de mando integral</subfield>
  </datafield>
  <datafield tag="100" ind1="1" ind2=" ">
    <subfield code="a">Martinez Garcia, Francisco Javier</subfield>
  </datafield>
  <datafield tag="700" ind1="1" ind2=" ">
    <subfield code="a">Rodr&#xED;guez, Francisco Somohano</subfield>
  </datafield>
  <datafield tag="700" ind1="1" ind2=" ">
    <subfield code="a">Fernandez Laviada, Ana</subfield>
  </datafield>
  <datafield tag="773" ind1="0" ind2=" ">
    <subfield code="t">Costos y gesti&#xF3;n</subfield>
    <subfield code="g">- A&#xF1;o 13, N&#xBA; 53 (sep. 2004)</subfield>
    <subfield code="w">REV12786</subfield>
  </datafield>
  <datafield tag="999" ind1=" " ind2=" ">
    <subfield code="c">26666</subfield>
    <subfield code="d">26666</subfield>
  </datafield>
</record>
